Normal view
MARC view
- Farkas, George.
Entry Personal Name
001 - CONTROL NUMBER
- control field: 49996
003 - CONTROL NUMBER IDENTIFIER
- control field: OSt
005 - DATE AND TIME OF LATEST TRANSACTION
- control field: 20231116172058.0
008 - FIXED-LENGTH DATA ELEMENTS
- fixed length control field: 231116|| aca||aabn | a|a d
040 ## - CATALOGING SOURCE
- Original cataloging agency: OSt
- Transcribing agency: OSt
100 ## - HEADING--PERSONAL NAME
- Personal name: Farkas, George.
- Relator term: author.
670 ## - SOURCE DATA FOUND
- Source citation: Work cat.: (OSt): Kauffman, James M. author. 49993, Veracity in special education /, January 2022.
